000 01017nam a2200277 i 4500
001 34795
003 KOSZ 005
005 20191012105748.0
008 070510s1972 pl a f 001 0 pol
015 _aPB 1973/423
040 _aWA N
_cKOSZ 005/RW
_dKOSZ 005/RW
080 _a517.9
100 1 _aBieńko, Wojciech
_d(1933- ).
_eAutor
245 1 0 _aO równaniach różniczkowych /
_cWojciech Bieńko.
250 _aWyd. 2.
260 _aWarszawa :
_bPaństwowe Zakłady Wydawnictw Szkolnych,
_c1972.
300 _a147, [1] s. :
_bil. ;
_c23 cm.
380 _aKsiążki.
490 1 _aBiblioteczka Matematyczna PZWS i Czasopisma "Matematyka" ;
_v29.
504 _aIndeks.
650 4 _aRównania różniczkowe
710 2 _aPaństwowe Zakłady Wydawnictw Szkolnych
_4pbl.
830 0 _aBiblioteczka Matematyczna PZWS i Czasopisma "Matematyka"
_v29.
856 _uhttp://koha.tu.koszalin.pl/cgi-bin/koha/opac-detail.pl?biblionumber=34795
_yKatalog online BPK
942 _2UKD
_cKS
999 _c34795
_d34795